000 00491nam a2200193Ia 4500
005 20230810105513.0
008 131103s9999 xx 000 0 und d
040 _aLoreto College
041 _aEnglish
082 _a920
_bMAC
100 _aMacdonald,Betty
245 4 _aThe Egg and I
_cBetty Macdonald
260 _aHarmondsworth
_bPenguin Books
_c1956 (1958 printing)
300 _a277 p.
650 _aMacdonald,Betty
651 _aAutobiography
850 _aLCLIB
942 _cBK
999 _c13800
_d64279